Statistics for All WWE Finishers

Click here to take the quiz!

General Stats

  • This quiz has been taken 680 times
  • The average score is 28 of 75

Answer Stats

HintAnswer% Correct
Brock LesnarF5
81%
Randy OrtonRKO
77%
CM PunkGTS
76%
BatistaBatista Bomb
74%
KaneChokeslam
73%
The RockRock Bottom
73%
Roman ReignsSpear
73%
Rey Mysterio619
72%
Dolph ZigglerZig Zag
71%
Bray WyattSister Abigail
70%
Big ShowWMD
70%
Triple HPedigree
67%
Daniel BryanRunning High Knee
66%
Big EBig Ending
64%
Kofi KingstonTrouble in Paradise
64%
John CenaAttitude Adjustment
63%
Dean AmbroseDirty Deeds
60%
The MizFigure-Four Leglock
59%
UndertakerTombstone Piledriver
59%
Cody RhodesCross Rhodes
58%
AJ LeeBlack Widow
56%
Rob Van Dam5-Star Frog Splash
54%
SheamusBrogue Kick
53%
NatalyaSharpshooter
52%
Tyson KiddSharpshooter
52%
Tamina SnukaSuperkick
51%
HornswoggleTadpole Splash
51%
ChristianKillswitch
50%
Mark HenryWorlds Strongest Slam
50%
CesaroNeutralizer
46%
Santino MarellaCobra Strike
45%
Jack SwaggerPatriot Lock
45%
Alberto Del RioCross Armbreaker
43%
RybackShell Shocked
43%
Bad News BarrettBull Hammer
41%
Evan BourneShooting Star Press
38%
Justin Gabriel450 Splash
35%
Nikki BellaRack Attack
34%
Zack RyderRough Ryder
34%
GoldustFinal Cut
30%
Drew McIntyreFuture Shock
30%
NaomiSplit-Legged Moonsault
30%
Billy GunnFamouser
29%
Alexander RusevThe Accolade
28%
Luke HarperDiscus Clothesline
26%
Jimmy UsoSuperfly Splash
22%
Jey UsoSuperfly Splash
22%
Brie BellaBella Buster
20%
R-TruthLil' Jimmy
20%
Xavier WoodsLost in the Woods
19%
FandangoDiving Leg Drop
18%
Sin CaraSwanton Bomb
18%
PaigePaige Turner
17%
Titus O' NeilClash of the Titus
16%
The Great KhaliPunjabi Plunge
16%
Alicia FoxScissors Kick
15%
Curtis AxelHangman's Facebuster
14%
Damien SandowYou're Welcome!
14%
EmmaThe Emma Lock
13%
Jinder MahalCamel Clutch
11%
AksanaDivo Drop
11%
Darren YoungGut Check
11%
Seth RollinsPeace of Mind
10%
CameronGirl Bye
9%
Curt HawkinsTaste of Pain
9%
Road DoggPumphandle Slam
8%
Alex RileyYou're Dismissed
8%
Heath SlaterSmash Hit
7%
LaylaBombshell
5%
David OtungaVerdict
5%
Summer RaeSpinning Heel Kick
4%
JTGDa Shout Out
3%
Rosa MendesFlower Fall
3%
Erick RowanRunning Splash
3%
Brodus ClaySplat!
3%

Score Distribution

Percentile by Number Answered

Percent of People with Each Score

Your Score History

You have not taken this quiz